Функціональна спрямованість авторських новоутворень в ідіостилі Чарльза Діккенса (на матеріалі романів "David Copperfield", "Martin Chuzzlewit" та оповідання "Christmas Carol" (Запис № 283467)
[ простий вигляд ]
| 000 -LEADER | |
|---|---|
| fixed length control field | 01945nam a22001577a 4500 |
| 041 ## - LANGUAGE CODE | |
| Language code of text/sound track or separate title | ukr |
| 080 ## - UNIVERSAL DECIMAL CLASSIFICATION NUMBER | |
| Universal Decimal Classification number | 09 |
| 090 ## - LOCALLY ASSIGNED LC-TYPE CALL NUMBER (OCLC); LOCAL CALL NUMBER (OCLC) | |
| Local cutter number (OCLC) ; Book number/undivided call number, CALL (RLIN) | ГОР |
| 100 ## - MAIN ENTRY--PERSONAL NAME | |
| Personal name | Гораль О. Г. |
| 245 ## - TITLE STATEMENT | |
| Title | Функціональна спрямованість авторських новоутворень в ідіостилі Чарльза Діккенса (на матеріалі романів "David Copperfield", "Martin Chuzzlewit" та оповідання "Christmas Carol" |
| 260 ## - PUBLICATION, DISTRIBUTION, ETC. (IMPRINT) | |
| Place of publication, distribution, etc | Острог |
| Name of publisher, distributor, etc | КАФ |
| Date of publication, distribution, etc | 2006 |
| 300 ## - PHYSICAL DESCRIPTION | |
| Extent | 76 |
| 520 ## - SUMMARY, ETC. | |
| Summary, etc | Розділ 1. Стилістичні та лексичні особливості художньої літератури.<br/>1.1. Типові риси художнього стилю.<br/>1.1.1. Стилістичне забарвлення лексичних одиниць.<br/>1.2. Функціональні особливості авторстких новотворів у художній літературі.<br/>1.2.1. Способи творення індивідуальних новоутворень.<br/>1.2.1.1. Афіксація.<br/>1.2.1.2. Словоскладання.<br/>1.2.1.3. Конверсія.<br/>Розділ 2. Прагматичний аспект використання оказіональних лексичних одиниць стилю художньої літератури.<br/>2.1. Лексико-стилістичні прийоми заміщення.<br/>2.1.1. Гіпербола.<br/>2.1.2. Мейозис та літота.<br/>2.1.3. Метафора.<br/>2.1.3.1. Епітет.<br/>2.1.3.2.Антономасія.<br/>2.1.4. Метонімія та синекдолха.<br/>2.1.4.1. Перифраз.<br/>2.1.4.2. Евфемізм.<br/>2.2. Лексико-стилістичні прийоми комбінації.<br/>2.2.1. Порівняння.<br/>2.2.2. Синоніми.<br/>2.2.3. Оксюморон. |
| -- | лексикологія, афіксація, словоскладання |
| 650 ## - SUBJECT ADDED ENTRY--TOPICAL TERM | |
| Topical term or geographic name as entry element | Research Papers |
| 942 ## - ADDED ENTRY ELEMENTS (KOHA) | |
| Koha item type | Книги |
| Withdrawn status | Lost status | Source of classification or shelving scheme | Damaged status | Not for loan | Home library | Current library | Date acquired | Source of acquisition | Coded location qualifier | Cost, normal purchase price | Total Checkouts | Full call number | Barcode | Date last seen | Price effective from | Koha item type |
|---|---|---|---|---|---|---|---|---|---|---|---|---|---|---|---|---|
| Universal Decimal Classification | ВІЛ - Відділ іноземн. літератури НБ | ВІЛ - Відділ іноземн. літератури НБ | 29/01/2019 | Ретроспекція | В23 | 1.00 | 09 | 212278 | 20/12/2021 | 29/01/2019 | Книги |